000 00815nam a2200241 u 4500
001 000020560
003 DO-SdBNP
005 20250711103010.0
008 100810s1986 dr r 000 0 spa d
040 _aDO-SdBNP
_bspa
_cBNPHU
082 _a923.2
_bS211c
100 1 _aAvelino , Francisco Antonio,
_d1935-
_955440
245 1 0 _aCamino de la gloria Sánchez y la fundación de la República /
_cFrancisco Antonio Avelino.
260 _aSanto Domingo :
_bTalleres Luis Cabrera,
_c1986.
300 _a32 p. ;
_c21 cm.
490 1 _aOrfeo
500 _aIncluye notas al pie de páginas
504 _aIncluye bibliografías [p. 29]
600 1 0 _aSánchez, Francisco del Rosario,
_d1817-1861
_97226
651 4 _aRepública Dominicana
_xHistoria
_y1844-1864
_934516
830 0 _aOrfeo
_918812
942 _2ddc
_cLBS1
999 _c20064
_d20064